LEADER 01082nam0-22003011i-450- 001 990006532590403321 005 20071016104746.0 035 $a000653259 035 $aFED01000653259 035 $a(Aleph)000653259FED01 035 $a000653259 100 $a20010426d1965----km-y0itay50------ba 101 0 $aita 105 $ay-------001yy 200 1 $aConsiderazioni sulla giurisprudenza della Corte Costituzionale in tema di interesse a rincorrere nei giudizi in via di azione$fSergio Bartole 210 $aMilano$cA. Giuffrè$d[1965?] 215 $a46 p.$d22 cm 300 $aEstratto da 'Giurisprudenza Costituzionale' Anno X-1965, fasc. 5-6, p. 1664-1700 676 $a342 700 1$aBartole,$bSergio$f<1936- >$0130569 801 0$aIT$bUNINA$gRICA$2UNIMARC 901 $aBK 912 $a990006532590403321 952 $aBUSTA I B 191$b269$fFSPBC 952 $aBUSTA I B 43$b600$fFSPBC 959 $aFSPBC 996 $aConsiderazioni sulla giurisprudenza della Corte Costituzionale in tema di interesse a rincorrere nei giudizi in via di azione$9620109 997 $aUNINA LEADER 01143nam a2200289 i 4500 001 991003849729707536 005 20030103124939.0 008 021001s1986 it ||| | ita 020 $a882210112X 035 $ab1187353x-39ule_inst 035 $aPRUMB66431$9ExL 040 $aDip.to SSSC$bita 082 0 $a372 100 1 $aChiantera, Angela$0155852 245 12$aL'adulto e il linguaggio del bambino :$bun modello di educazione linguistica per la fascia 0-6 anni /$cAngela Chiantera, Annamaria Rosetti 260 $aFirenze :$bLa nuova Italia,$c1986 300 $aVII, 148 p. ;$c21 cm. 490 0 $aDidattica viva ;$v74 650 4$aLinguaggio$xApprendimento 650 4$aLinguaggio - Insegnamento$xScuola materna 700 1 $aRosetti, Annamaria$eauthor$4http://id.loc.gov/vocabulary/relators/aut$0155853 907 $a.b1187353x$b28-04-17$c07-01-03 912 $a991003849729707536 945 $aLE021 DI3A54$g1$i2021000204234$lle021$o-$pE0.00$q-$rl$s- $t0$u7$v0$w7$x0$y.i12127632$z07-01-03 996 $aAdulto e il linguaggio del bambino$9469633 997 $aUNISALENTO 998 $ale021$b01-01-02$cm$da $e-$fita$git $h2$i1